[Event "Krakow op-B 28th"]
[Site "Krakow"]
[Date "2018.01.04"]
[Round "9"]
[White "Czyzykiewicz, Rafal"]
[Black "Gulbeyaz, Esra"]
[Result "1/2-1/2"]
[WhiteElo "1756"]
[BlackElo "1467"]
[PlyCount "104"]
[EventDate "2017.12.27"]
[EventType "swiss"]
[EventRounds "9"]
[EventCountry "POL"]
[SourceTitle "CBM 182 Extra"]
[Source "ChessBase"]
[SourceDate "2018.02.23"]
[SourceVersion "1"]
[SourceVersionDate "2018.02.23"]
[SourceQuality "1"]

1. e4 e6 2. d4 d5 3. Nc3 dxe4 4. Nxe4 Nf6 5. Bd3 Nbd7 6. Nf3 Nxe4 7. Bxe4 Nf6 8. Bg5 Be7 9. Bxf6 Bxf6 10. Qd3 h6 11. Bxb7 Rb8 12. Bxc8 Qxc8 13. b3 0-0 14. 0-0 Rd8 15. Rac1 c5 16. c3 Qd7 17. Rfd1 cxd4 18. cxd4 Rb5 19. Rc7 Qxc7 20. Qxb5 Rd5 21. Qc4 Qd7 22. Rc1 Bxd4 23. Nxd4 Rxd4 24. Qc8+ Qxc8 25. Rxc8+ Kh7 26. Kf1 Rd7 27. b4 Kg6 28. a4 Kf6 29. Ke2 Ke5 30. b5 Kd6 31. Rc6+ Ke7 32. a5 Kd8 33. a6 Rd5 34. b6 axb6 35. Rxb6 Ra5 36. Rb7 Rxa6 37. Rxf7 g5 38. Rf6 h5 39. Rf7 Ra5 40. Ke3 Ke8 41. Rh7 h4 42. h3 Rf5 43. g4 hxg3 44. fxg3 Kf8 45. g4 Rd5 46. Ke4 Ke8 47. Ra7 Rb5 48. Rg7 Kf8 49. Rh7 Rd5 50. Rc7 Ra5 51. Rb7 Rc5 52. Rh7 Ke8 1/2-1/2

[Event "Krakow op-B 28th"]
[Site "Krakow"]
[Date "2017.12.31"]
[Round "6"]
[White "Konyves, Almos"]
[Black "Gulbeyaz, Esra"]
[Result "1-0"]
[WhiteElo "1747"]
[BlackElo "1467"]
[PlyCount "29"]
[EventDate "2017.12.27"]
[EventType "swiss"]
[EventRounds "9"]
[EventCountry "POL"]
[SourceTitle "CBM 182 Extra"]
[Source "ChessBase"]
[SourceDate "2018.02.23"]
[SourceVersion "1"]
[SourceVersionDate "2018.02.23"]
[SourceQuality "1"]

1. e4 e6 2. d4 d5 3. Nc3 Ne7 4. Nf3 Nbc6 5. Bd3 dxe4 6. Nxe4 Nf5 7. c3 Nd6 8. 0-0 Nxe4 9. Bxe4 Bd6 10. Ng5 h6 11. Qh5 Qf6 12. Nxf7 Bxh2+ 13. Kxh2 Rg8 14. Nxh6+ g6 15. Nxg8 1-0

[Event "TUR-ch (Women)"]
[Site "Aksu"]
[Date "2017.03.10"]
[Round "8"]
[White "Gulbeyaz, Esra"]
[Black "Yalcin, Sudenaz"]
[Result "1-0"]
[WhiteElo "1458"]
[BlackElo "1171"]
[PlyCount "163"]
[EventDate "2017.03.06"]
[EventType "swiss"]
[EventRounds "9"]
[EventCountry "TUR"]
[SourceTitle "CBM 177 Extra"]
[Source "ChessBase"]
[SourceDate "2017.04.27"]
[SourceVersion "1"]
[SourceVersionDate "2017.04.27"]
[SourceQuality "1"]

1. e4 c5 2. c3 Nc6 3. Nf3 g6 4. d4 cxd4 5. Nxd4 Bg7 6. Be3 Nf6 7. Nd2 0-0 8. Be2 b6 9. 0-0 Bb7 10. f3 e6 11. Nc4 d5 12. Nxc6 Bxc6 13. Ne5 Bb7 14. exd5 Nxd5 15. Bd4 Nf4 16. Ng4 Nxe2+ 17. Qxe2 Bxd4+ 18. cxd4 Qxd4+ 19. Kh1 a5 20. Rfd1 Ba6 21. Rxd4 Bxe2 22. Re4 Bd3 23. Rd4 Rfd8 24. Rxd8+ Rxd8 25. Rd1 Rc8 26. Kg1 Bf5 27. Ne3 g5 28. Kf2 Kg7 29. Rd6 b5 30. Kg3 Bb1 31. a3 f5 32. Kf2 f4 33. Nf1 Rc2+ 34. Rd2 Rxd2+ 35. Nxd2 Bd3 36. g3 e5 37. Nb3 a4 38. Nc5 Bg6 39. Nd7 e4 40. gxf4 gxf4 41. fxe4 Bxe4 42. Nc5 Bd5 43. Nd3 f3 44. Ne5 Kf6 45. Nxf3 Kg6 46. Nd4 Bc4 47. Kg3 h5 48. Kf4 Kf6 49. Nf5 Be2 50. Ng3 Bd1 51. Ne4+ Ke6 52. Ke3 Kd5 53. Nc3+ Kc4 54. Nxd1 Kb3 55. Kd3 h4 56. h3 b4 57. axb4 Kxb4 58. Kc2 a3 59. bxa3+ Kxa3 60. Kd3 Kb4 61. Ke4 Kc5 62. Ne3 Kc6 63. Nf5 Kd7 64. Ke5 Ke8 65. Kf6 Kf8 66. Nxh4 Kg8 67. Kg6 Kh8 68. Nf5 Kg8 69. Nd6 Kh8 70. Nf7+ Kg8 71. h4 Kf8 72. h5 Ke7 73. h6 Ke6 74. h7 Kd5 75. h8Q Ke4 76. Qe5+ Kf3 77. Ng5+ Kg2 78. Qe3 Kh2 79. Kf5 Kh1 80. Qe2 Kg1 81. Nf3+ Kh1 82. Qh2# 1-0

[Event "TUR-ch (Women)"]
[Site "Aksu"]
[Date "2017.03.09"]
[Round "6"]
[White "Gulbeyaz, Esra"]
[Black "Kaygisiz, Ilayda"]
[Result "1/2-1/2"]
[WhiteElo "1458"]
[BlackElo "1623"]
[PlyCount "61"]
[EventDate "2017.03.06"]
[EventType "swiss"]
[EventRounds "9"]
[EventCountry "TUR"]
[SourceTitle "CBM 177 Extra"]
[Source "ChessBase"]
[SourceDate "2017.04.27"]
[SourceVersion "1"]
[SourceVersionDate "2017.04.27"]
[SourceQuality "1"]

1. e4 c5 2. c3 Nf6 3. e5 Nd5 4. d4 cxd4 5. cxd4 e6 6. Bc4 Nb6 7. Bb3 d5 8. Nf3 Be7 9. 0-0 Nc6 10. a3 Bd7 11. Nbd2 g5 12. Bc2 g4 13. Ne1 h5 14. Nb3 a5 15. f4 Nc4 16. Bd3 Qb6 17. Kh1 a4 18. Bxc4 dxc4 19. Nd2 Qxd4 20. Nc2 Qd3 21. Nb1 Qxd1 22. Rxd1 Na5 23. Nd2 b5 24. Nb4 Nb3 25. Nxb3 axb3 26. Be3 f6 27. Bd4 f5 28. g3 h4 29. Kg2 h3+ 30. Kf2 0-0 31. Bb6 1/2-1/2